000 02274nam a22003017a 4500
005 20251219120757.0
008 240318t2024 xxk|||||o|||| 00| 0 eng d
041 _aeng
110 _aRoyal Institution of Chartered Surveyors
245 _aRICS draft professional standard: Land agreements for development purposes, 1st edition
_ba consultation
_h[Electronic resource]
260 _aLondon,
_bRoyal Institution of Chartered Surveyors,
_c14 March 2024
300 _a34p.
490 _aRICS Consultation
520 _aLandowners, prospective purchasers, developers and land promoters enter into agreements for the right to promote, option to purchase or develop land well in advance of planning permission being granted. Surveyors provide extensive advice on these agreements which are extremely complex and have significant implications for the price at which land is traded. The purpose is to ensure surveyors are providing the best and most up to date advice when advising clients on agreement types available to either the landowner, purchaser or promoter in an area of practice which is opaque and steadily evolving. This document will be applicable to many types of development, residential or commercial, large or small. However, very major developments or those involving a wide variety of property types – for example, town centre redevelopments and regeneration schemes – may require different and often more complex forms of agreement. Consultation opened 14 March 2024 closes 12 April 2024.
520 _aPublished as a Professional Standard 16 December 2025, effective from 1 March 2026
650 _aBENCHMARK LAND VALUE
650 _aLAND
650 _aLAND AGREEMENT
650 _aMARKET VALUE
650 _aPROPERTY DEVELOPMENT
650 _aVALUATION
651 _aEngland
690 _aPlanning and development
_96259
710 _aRoyal Institution of Chartered Surveyors
856 _uhttps://consultations.rics.org/gf2.ti/f/1336770/200865701.1/PDF/-/Land%20agreements%20for%20development%20purposes_consultation%20draft.pdf
_zView the consultation document on RICS.org
856 _uhttps://consultations.rics.org/landagreementsfordevelopers/consultationHome
_zView the RICS iConsult homepage on land agreements
942 _n0
999 _c121857
_d121857